| 000 | 00448nam a2200145Ia 4500 | ||
|---|---|---|---|
| 008 | 230917s9999||||xx |||||||||||||| ||und|| | ||
| 040 |
_e170581 _aMAIN |
||
| 041 | _aEnglish | ||
| 082 | _a891.43301731 SM92T | ||
| 100 | _aशुक्ल, मत्येन्द्र | ||
| 245 | 0 | _aटीले पर गाँव | |
| 260 |
_aइलाहाबाद _bआचार्य प्रकाशन _c1981 |
||
| 300 | _a115 पृ. p. | ||
| 942 | _cHN | ||
| 999 |
_c37231 _d37231 |
||